=LDR 00000nam 2200000 4500 =001 INLIS000000000002109 =005 20130612090455 =008 ***********************************Ind** =035 ##$$0010-061300000002109 =041 ##$$a Ind =082 ##$$a 959.851 =090 ##$$a 959.851, Agu b =100 ##$$a Agung,Gde,Ide Anak Agung =245 ##$$a Bali pada abad xix, perjuangan rakyat dan raja-raja, Dr.Mr. Ide Anak Agung Gde Agung =260 ##$$a 1989 $b Yogyakarta =300 ##$$a viii,869 hlm, ilus, 21 cm =650 ##$$a Bali =650 ##$$a Sejarah =850 ##$$a NBPNMAT